LEADER 00965nam a2200289 i 4500 001 991001315769707536 005 20020507114317.0 008 951114s1966 it ||| | ita 035 $ab10203540-39ule_inst 035 $aLE00645717$9ExL 040 $aDip.to Fisica$bita 084 $a53(023) 084 $a53.6.13 084 $a781 100 1 $aBenade, Arthur H.$042207 245 12$aI tubi sonori :$bla fisica degli strumenti a fiato /$cArthur H. Benade 260 $aBologna :$bZanichelli,$c1966 300 $a126 p. ;$c19 cm 490 1 $aBiblioteca di Monografie Scientifiche ;$v21 650 4$aStrumenti a fiato$xFisica 830 0$aBMS ;$v21 907 $a.b10203540$b19-01-07$c27-06-02 912 $a991001315769707536 945 $aLE006 53(023) BMS$g1$i2006000031189$lle006$o-$pE0.00$q-$rl$s- $t0$u2$v0$w2$x0$y.i10251480$z27-06-02 996 $aTubi sonori$9192608 997 $aUNISALENTO 998 $ale006$b01-01-95$cm$da $e-$fita$git $h2$i1